[Event "MAS-ch Rapid Seniors"]
[Site "Kuala Lumpur"]
[Date "2023.12.31"]
[Round "7"]
[White "Suhairi, Hussin"]
[Black "Ibni Hajar, Amri"]
[Result "0-1"]
[WhiteElo "1319"]
[BlackElo "1955"]
[PlyCount "67"]
[EventDate "2023.12.31"]
[EventType "swiss (rapid)"]
[EventRounds "7"]
[EventCountry "MAS"]
[SourceTitle "CBM 218 Extra"]
[Source "ChessBase"]
[SourceDate "2024.03.31"]
[SourceVersion "1"]
[SourceVersionDate "2024.03.31"]
[SourceQuality "1"]

1. d4 Nf6 2. Bf4 e6 3. e3 d5 4. c4 c6 5. Nc3 Qa5 6. a3 Ne4 7. Qa4 Qxa4 8. Nxa4 dxc4 9. f3 Nd6 10. Nc3 b5 11. Nge2 Nd7 12. Bxd6 Bxd6 13. Ne4 Be7 14. N2c3 Bb7 15. Be2 Nb6 16. 0-0 0-0 17. a4 b4 18. Nd1 a5 19. Ndf2 Ba6 20. Rfc1 f5 21. Nc5 c3 22. bxc3 Bxe2 23. Nxe6 Rf6 24. Nf4 b3 25. Rcb1 Bc4 26. Nh5 Re6 27. e4 fxe4 28. Nxe4 Nd5 29. Re1 b2 30. Rab1 Rb8 31. Nd2 Rxe1+ 32. Rxe1 Bg5 33. Nb1 Bd3 34. Kf2 0-1